Responses for show #6103 - Wednesday, March 9, 2011

Contestants

Quinn McDonald, an inventory control manager from Lowville, New York

Harley Savage, a computer programmer from Hamtramck, Michigan

Mike Nelson, a mechanical engineer from Geneva, Illinois (whose 2-day cash winnings total $20,800)

Jeopardy! Round responses

COUNTRIES' SECOND-LARGEST CITIES
ALPHABET HOMOPHONES
WHO'S THE BOSS?
LET'S HAVE CHINESE
ROBERTS RULE
OF ORDER
    $200 1
Greece

Harley
    $200 20


Harley
    $200 6
Bill Gates

Harley
    $200 9
(Quinn: What is dim sum?)

wonton

Quinn
Triple Stumper
    $200 15
Downey Jr.

Mike
    $200 11
Cuba, Madagascar, Greenland

Mike
    $400 2
Colombia

Mike
    $400 21
an eye

Quinn
    $400 7
Alan Greenspan

Quinn
    $400 10
mu shu (pork)

Triple Stumper
    $400 16
Robert Redford

Harley
    $400 12
donkey, cheetah, peregrine falcon

Harley
    $600 3
Norway

Harley
    $600 22
Oh

Quinn
    $600 8
(Harley: Who is Berry?)

Berry Gordy

Harley
Triple Stumper
    $600 28
bird's nest soup

Quinn
    $600 17
Robert Young

Quinn
    $600 13
New Orleans, Milwaukee, Newport News

Mike
    $800 4
Myanmar (or Burma)

Triple Stumper
    $800 23
a bee

Quinn
    $800 25
Raúl Castro

Mike
    $800 29
lo mein

Quinn
    $800 18
(Mike: Who is Patterson?)

Pattinson

MikeQuinn
    $800 14
(Mike: Who is Scott, Lewis, Marlowe?)

Christopher Marlowe, Sir Walter Scott, C.S. Lewis

Mike
    $1000 5
the Bahamas

Harley
    $1000 24
an ell

Quinn
    $1000 26
Rommel

Mike
    $1000 30
Peking duck

Harley
    $1000 19
Robert Wuhl

Quinn
    $1000 27
(Alex: ...Ms. Gillard from Australia.)

Barack Obama, Hugo Chavez, Julia Gillard

Triple Stumper

Scores at the first commercial break (after clue 14):

Mike Harley Quinn
$400 $1,800 $200

Scores at the end of the Jeopardy! Round:

Mike Harley Quinn
$1,600 $3,400 $6,800

Double Jeopardy! Round responses

(Alex: First, you will travel with me to Israel, to visit...)
YAD VASHEM
TEACHING
SCIENCE TERMS
WE RETITLE TV SHOWS
IN THE BOOKSTORE
DROP A LETTER
    $400 30
the Star of David

Harley
    $400 11
a curve

Harley
    $400 1
a top

Quinn
    $400 12
The X-Files

Mike
    $400 6
George W. Bush

Harley
    $400 17
Koran/Korean

Mike
    $800 29
glass

Quinn
    $800 22
calculus

Harley
    $800 2
petrified

Mike
    $800 13
Little House on the Prairie

Quinn
    $800 7
Stephen Hawking

Quinn
    $800 18
pacemaker (from peacemaker)

Quinn
    $1200 28
Warsaw

Harley
    $1200 23
Special Education

Harley
    $1200 3
a vacuum

Mike
    $1200 14
Law & Order

Quinn
    $2,000 8
Fire

Quinn
    $1200 19
root (from robot)

Quinn
    $1600 27
the righteous

Quinn
    $1600 24
syllabus

Mike
    $1600 4
electrons

Triple Stumper
    $1600 15
Welcome Back, Kotter

Quinn
    $1600 9
(Meghan) McCain

Quinn
    $2,000 20
trade (from tirade)

Quinn
    $2000 26
Ezekiel

Triple Stumper
    $2000 25
Teach for America

Mike
    $2000 5
sucrose

Quinn
    $2000 16
ER

Mike
    $2000 10
Rhonda Byrne

Triple Stumper
    $2000 21
lover (from louver)

Quinn

Scores at the end of the Double Jeopardy! Round:

Mike Harley Quinn
$10,000 $7,800 $25,600
(lock game)

[wagering suggestions for these scores]

Final Jeopardy! Round responses

BRITISH ROYALTY
(Alex: The battle was at Bosworth Field.)
HarleyWho is Henry VI?
$2,201
MikeWho is Henry V?
$5,601
QuinnWho is Henry V?
$5,000
Henry VII

Final scores:

Mike Harley Quinn
$4,399 $5,599 $20,600
3rd place: $1,000 2nd place: $2,000 New champion: $20,600

Game dynamics:

Coryat scores:

Mike Harley Quinn
$10,800 $7,800 $24,400
13 R,
2 W
(including 1 DD)
14 R,
1 W
24 R
(including 2 DDs),
1 W

Combined Coryat: $43,000

The J! Archive is created by fans, for fans. The Jeopardy! game show and all elements thereof, including but not limited to copyright and trademark thereto, are the property of Jeopardy Productions, Inc. and are protected under law. This website is not affiliated with, sponsored by, or operated by Jeopardy Productions, Inc. Join the discussion at JBoard.tv.